000 01838nam0a2200397 i 4500
001 RU\NLR\BIBL_A\010507838
005 20241104071217.0
010 _a9785170846290
_bБольшой подарок любимому внуку
_92000
010 _a978-5-17-084994-9
_bБольшой подарок любимому сыну
_91500
021 _aRU
_b14-60071
035 _a(NILC)RuMoRGB-007535951
035 _a(NLR Aleph) 010507838
090 _a10164272
_c10164272
100 _a20141022d2014 c y0rusy50 ca
101 0 _arus
102 _aRU
105 _aac||f|||000y0
200 1 _aБольшой подарок любимому сыну. Большой подарок любимому внуку
_e[для младшего и среднего школьного возраста]
_fС. П. Цеханскиий
210 _aМосква
_cАСТ
_d2014
215 _a256 с.
_cцв. ил., портр.
_d29
225 1 _aЭнциклопедия для мальчиков
300 _aЗагл. обл.: Большой подарок любимому сыну
300 _aВ вып. дан. загл.: Большой подарок любимому внуку. Большой подарок любимому сыну
300 _aНа обл. авт. не указан
333 _a6+
517 1 _aБольшой подарок любимому внуку. Большой подарок любимому сыну
608 _aЭнциклопедии для детей
_92363029
_3RU\NLR\AUTH\661410942
610 0 _aэнциклопедии для детей
686 3 _aШ9
_bЯ20
700 1 _aЦеханский
_bС. П.
_gСергей Петрович
801 0 _aRU
_bРГБ
_c20140815
_gRCR
942 _cBOOK
980 _aNBR